MARC

LEADER 00000nam0a2200000 4500
001 290688
005 20231102000319.0
035 |a (RuTPU)RU\TPU\book\315243 
090 |a 290688 
100 |a 20150408d1971 k y0rusy50 ca 
101 0 |a rus 
102 |a UZ 
105 |a a z 001zy 
200 1 |a Режим и баланс подземных вод и методика гидрогеологических и инженерно-геологических исследований аридной зоны СССР  |e [сборник]  |f Среднеазиатский научно-исследовательский институт геологии и минерального сырья (САИГИМС) ; отв. ред. Н. Н. Ходжибаев 
210 |a Ташкент  |c Изд-во САИГИМС  |d 1971 
215 |a 101 с.  |c ил. 
225 1 |a Труды института гидрогеологии и инженерной геологии 
320 |a Библиогр. в конце статей 
512 1 |a Режим и баланс подземных вод аридной зоны СССР 
606 1 |a Воды подземные  |x Баланс  |2 stltpush  |3 (RuTPU)RU\TPU\subj\3153  |9 31608 
610 1 |a грунтовые воды 
610 1 |a орошение 
610 1 |a аридные зоны 
610 1 |a Голодная степь 
610 1 |a Баку 
610 1 |a методика 
610 1 |a исследования 
610 1 |a ирригационные каналы 
610 1 |a ирригация 
610 1 |a мелиорация 
675 |a 556.3  |v 4 
702 1 |a Ходжибаев  |b Н. Н.  |4 340 
712 0 2 |a Среднеазиатский научно-исследовательский институт геологии и минерального сырья (САИГИМС)  |c (Ташкент)  |c (1957-1994)  |2 stltpush  |3 (RuTPU)RU\TPU\col\10266 
801 1 |a RU  |b 63413507  |c 20150408 
801 2 |a RU  |b 63413507  |c 20161003  |g RCR 
942 |c BK